Prima Lettera delle Città Italiane III - Statistics

Statistiche generali
  • Questo quiz è stato fatto 192 volte
  • Il punteggio medio è 19 su 21
Statistiche sulle risposte
Hint Risposta % Corretto
_avia P
99%
_avenna R
99%
_rbino U
99%
_aserta C
98%
_rosseto G
98%
_mperia I
98%
_atina L
98%
_errara F
97%
_odena M
97%
_aranto T
97%
_ari B
96%
_stuni O
96%
_iena S
96%
_arese V
96%
_rba E
94%
_fragola A
92%
_almine D
77%
_ualiano Q
76%
_agarolo Z
72%
_ola N
68%
_erago con Orago J
47%
Nessun quiz corrispondente trovato
Distribuzione punteggi
Percentuale di utenti per punteggio
Percentile per numero di risposta
I tuoi punteggi nel tempo
Non hai fatto questo quiz